000 00693nam a2200289Ia 4500
005 20260324135600.0
008 008 260324s9999 xx 000 0 eng d
020 _a9781315256863
037 _aEBOOK
040 _aCRL
040 _beng
040 _cCRL
041 _2eng
041 _aeng
084 _qCRL
100 _aTeresa Feroli
_91172468
245 0 _aEleanor Davies
245 0 _bPrinted Writings 1500–1640: Series I, Part Two, Volume 3
260 _bTaylor and Francis
260 _c2000
365 _a
365 _b65.99
856 _uhttp://www.taylorfrancis.com/books/9781315256863
942 _cEBOOK
999 _c1802371
_d1802371